000
00285nam a22001337a 4500
008
170718b xxu||||| |||| 00| 0 eng d
020
_a
9780143113188
041
_a
eng
080
_a
2
100
_a
24
101
_a
TEO
245
_a
SPEAKING OF FAITH
_c
TIPPETT, K
942
_2
udc
_c
BK
999
_c
21475
_d
21475